1940 1029 1612 1085 1141 1884 1979 1580 1147 1337 1200 1045 1188 1843 1327 1179 1412 1047 1175 1646 1838 1100 1670 1018 1530 1884 1765 1236 1871 1958 1888 1465 1346 1324 1646 1838 1500 1298 1619 1987 1673 1879 1800 1390 1194 1867 1484 1382 1844 1351 1678 1973 1127 1348 1588 1896 1205 1698 1890 1674 1435 1166 1872 1750 1256 1205 1290 1111 1448 1164 1795 1296 1836 1003 1081 1810 1217 1436 1526 1805 1287 1716 1187 1995 1287 1670 1220 1081 1960 1782 1762 1558 1568 1067 1180 1876 1883 1044 1419 BCNSPRNW ULIB Ver.6.0+V

เปลี่ยนเป็นภาษาไทย

Change to English
 แสดงรายละเอียดบรรณานุกรม
  กลับหน้าหลัก

Brief Record : Get Marc (ISO 2709) : E-mail record : QR code < ปิดหน้าต่าง
LEADER : 00000nam 2200000uu 4500
001    13399128958
003     ULIB
008    241110s2565||||th 000 0 tha d
020 ^^ ู^a9786160455805
060 ^^ ^aWL108^bท821ห
100 ^^ ^aโทะกิโอะ, โนว์เลดจ์
245 ^^ ^a100 เคล็ดลับยกระดับคุณภาพการนอน
260 ^^ ^aกรุงเทพฯ : ^bนานมีบุ๊คส์,^c2565
300 ^^ ^a227 หน้า
650 ^^ ^aการนอนหลับ
700 ^^ ^aวิธารณี จงสถิตย์วัฒนา ^eผู้แปล
945    ^p265^l0^i30371
945    ^p265^l0^i30372
999    ^aกัณชพร จุลอักษร
รายการนี้ยังไม่มีแท็ก
คุณยังไม่ได้ล็อกอิน คุณสามารถมีกิจกรรมร่วมกับเว็บไซต์ได้ แต่ต้องล็อกอินก่อน ::
  ล็อกอิน

รายการสื่อสารสนเทศ

ลำดับที่ ประเภท เลขเรียก/บาร์โค้ด สถานที่ สถานะ
1. หนังสือสำรอง
หนังสือสำรอง
WL108 ท821ห ฉ.1 
  Barcode: 30371
ห้องสมุดวิทยาเขตนครสวรรค์
►หนังสือทั่วไป:l:General Books
บนชั้น
2. วิทยาศาสตร์การแพทย์ และสุขภาพ
วิทยาศาสตร์การแพทย์ และสุขภาพ
WL108 ท821ห ฉ.2 
  Barcode: 30372
ห้องสมุดวิทยาเขตนครสวรรค์
►หนังสือทั่วไป:l:General Books
บนชั้น

รายการใกล้เคียง
    ชื่อเรื่อง [100 เคล็ดลับยกระดับคุณภาพการนอน]

    ผู้แต่ง [โทะกิโอะ, โนว์เลดจ์]

    หัวเรื่อง [การนอนหลับ]

BibComment


ยังไม่เคยถูกคอมเมนท์

คอมเมนท์ทรัพยากรรายการนี้
  คอมเมนท์: 100 เคล็ดลับยกระ..


 Copyright 2026. Bcnsprnw @Library